|
|
|
แสดงรายละเอียดบรรณานุกรม |
|
|
Brief Record
: Get Marc (ISO 2709)
: E-mail record
: |
|
|
| LEADER 00000nam 2200000uu 4500 | |||
| 001 50272 | |||
| 003 ULIBM | |||
| 008 170717s||||||||th 000 0 tha d | |||
| 020 ^a 885 871 0303 65 5 | |||
| 082 0 ^a 530.76 ^b ท - ก | |||
| 110 0 ^a ทีมติวเตอร์จุฬา | |||
| 245 00 ^a เก็งข้อสอบและสรุปเนื้อหาฟิสิกส์ PHYSICS ม.ปลาย ^c ทีมติวเตอร์จุฬา | |||
| 250 ^a พิมพ์ครั้งที่ 1 | |||
| 260 ^a กรุงเทพฯ : ^b ดอกหญ้าวิชาการ, 2559 | |||
| 300 ^a 232 หน้า 165 บาท | |||
| 999 ^aลภัสรดา แสงบุญเรือง | |||
| คุณยังไม่ได้ล็อกอิน คุณสามารถมีกิจกรรมร่วมกับเว็บไซต์ได้ แต่ต้องล็อกอินก่อน :: |
|
| สถานะ | |||||||||
| 1. | หนังสือ | 530.76 ท - ก Barcode: 082662 | ►หนังสือทั่วไป | On Shelf ขอยืม | |||||
| [แสดง 1/1 รายการ] | |||||||||

BibComment |
| คอมเมนท์ทรัพยากรรายการนี้ |
|
|
ห้องสมุดโรงเรียนสามัคคีวิทยาคม
159 ถ.บรรพปราการ ต.เวียง อ.เมือง จ.เชียงราย 57000
โทร. 053-711018 โทรสาร 053-713003